Catastrophe and crisis

Bibliographic Details
Other Authors: Lambert, David
Format: Book
Published: London : Bloombury Books , 19__
Subjects:

MARC

LEADER 00000cam a2200000 7i4500
001 0000000201
002 000000265
005 20000330.0
020 |a 1870630130 
090 0 0 |a 904   |b KIN 
245 0 0 |a Catastrophe and crisis   |c Jeremy Kingston, David Lambert 
260 |a London :   |b Bloombury Books ,   |c 19__ 
300 |a 336p :   |b ill ;   |c 30cm. 
650 0 0 |a Disasters 
700 0 |a Lambert, David 
999 |a 027489   |b BUKU   |c PINJAMAN   |e PERPUSTAKAAN KOMUNITI PETALING JAYA